000 00437nam a22001697a 4500
005 20180809144709.0
008 160513b xxu||||| |||| 00| 0 eng d
020 _a81-7493-777-3
041 _aeng
082 _b2130
_a658.3
100 _aRao, P. Subha
_94740
245 _aPersonal and Human Resource Management
260 _aNew Delhi
_bHimalaya Publishing House,
_c2000
300 _a472p,
650 _aManagement
_9241
942 _cBK
999 _c778
_d778